| 000 | 00887nas a2200301 4500 | ||
|---|---|---|---|
| 001 | BR0304651 | ||
| 003 | BR-BrBNA | ||
| 005 | 20231205104056.0 | ||
| 007 | ta | ||
| 008 | 230509b bl.|||p| |||| 00| 00por d | ||
| 040 |
_aBR-BrBNA _bpor _cBiblioteca Nacional de Agricultura |
||
| 041 | _a(Pt) | ||
| 072 | _aL70 | ||
| 100 | 1 | _aSilva, M. | |
| 100 | 1 | _aBeletti, M.E. | |
| 100 | 1 | _aFerro, E.A.V. | |
| 245 | 1 | _aCaracterização morfológica e morfométrica das células do sangue de Calomys calosus | |
| 650 | _aROEDOR | ||
| 650 | _aANIMAL DE LABORATÓRIO | ||
| 650 | _aSANGUE | ||
| 650 | _aGLÓBULO BRANCO | ||
| 650 | _aGLÓBULO VERMELHO | ||
| 650 | _aVETOR | ||
| 650 | _aANÁLISE DE LABORATÓRIO | ||
| 773 | 0 |
_tBioscience Journal (Brazil) _xISSN 1516-3725 _g(Jan-Apr 2003), v. 19(1) p. 83-86 _wBR0304651 |
|
| 909 |
_a202311 _bLúcia _c55 _dLúcia Elande |
||
| 942 |
_2AGRIS _n0 _cANA |
||
| 999 |
_c176218 _d176218 |
||